Improved planting materials in rubber (Record no. 49090)
[ view plain ]
| 000 -LEADER | |
|---|---|
| fixed length control field | 00303nam a2200121Ia 4500 |
| 100 ## - MAIN ENTRY--AUTHOR NAME | |
| Personal name | Nair V.K.B. |
| 245 #0 - TITLE STATEMENT | |
| Title | Improved planting materials in rubber |
| 260 ## - PUBLICATION, DISTRIBUTION, ETC. (IMPRINT) | |
| Name of publisher | Rubber Reporter |
| Year of publication | 1978 |
| 300 ## - PHYSICAL DESCRIPTION | |
| Number of Pages | 85-86 |
| 650 ## - SUBJECT ADDED ENTRY--TOPICAL TERM | |
| Topical Term | Planting material |
| 942 ## - ADDED ENTRY ELEMENTS (KOHA) | |
| Koha item type | Bibliography STAF |
| Withdrawn status | Lost status | Damaged status | Not for loan | Home library | Current library | Shelving location | Date acquired | Serial Enumeration / chronology | Koha item type |
|---|---|---|---|---|---|---|---|---|---|
| Bibliography | RRII Library | RRII Library | Botany | 09/04/2014 | Volume 3, Issue | Bibliography STAF |